=LDR 00000nam 2200000 4500 =001 INLIS000000000056950 =005 20201116095650 =035 ##$$a 0010-1120000021 =007 ta =008 201116################g##########0#ind## =020 ##$$a 979-25-5314-2 =082 ##$$a 324.2 =084 ##$$a 324.2 MEN =245 ##$$a Mengabdi tiada henti : $b Rekam jejak FKB 2004-2009 /$c Zainul Munaschin =250 ##$$a cet.1 =260 ##$$a Yogyakarta :$b Pustaka Tokoh Bangsa,$c 2010 =300 ##$$a xii, 272 hlm. ; $c 21x14 cm =700 #$$a Editor, Umaruddin Masdar =600 #4$$a Partai politik =990 ##$$a 3201001164